| 000 | 00479cam a2200193ua 4500 | ||
|---|---|---|---|
| 020 | _c24.75 | ||
| 041 |
_aeng _h |
||
| 082 |
_a531.12 _bFAI/GR |
||
| 100 | _aFairman, Seibert . | ||
| 245 |
_aGraphic statics / _cSeibert Fairman. _hTextual Documents |
||
| 250 |
_a1 / _b. |
||
| 260 |
_aNew York : _bMcGraw Hill Book Company , _c1932. |
||
| 300 | _a145 ; . | ||
| 365 | _a24.75 | ||
| 504 | _a | ||
| 700 | 1 | _aCutshall, Chester S . | |
| 942 | _cBK | ||
| 999 |
_c9217 _d9217 |
||